000 00419cam a2200181ua 4500
020 _c2
041 _amal
_h
082 _a894.812 308
_bkit/sa
100 _aKittunni, C A .
245 _aSunthibhoomi /
_cC A Kittunni.
_hTextual Documents
250 _a1 /
_b.
260 _aKottayam :
_bNational Book Stall ,
_c1963.
300 _a193 ; .
365 _a2
504 _a
942 _cBK
999 _c3932
_d3932